| 000 | 00751nam a2200205 a 4500 | ||
|---|---|---|---|
| 001 | 000032080 | ||
| 005 | 20200930063419.0 | ||
| 008 | 110712s2004 dr r 000 0 spa d | ||
| 040 |
_aDO-SdBNP _bspa _cBNPHU |
||
| 082 |
_a796.48 _bJ93m |
||
| 111 | 2 |
_aJuegos Panamericanos _n(14vo. : _d2003 _cSanto Domingo) _958200 |
|
| 245 | 1 | 4 |
_aMemorias / _cComité Organizador de los XlV Juegos Panamericanos. |
| 246 | 1 | 3 | _aLos décimo cuarto Juegos Panamericanos Santo Domingo 2003 |
| 260 |
_aSanto Domingo : _bCentenario, _c2004. |
||
| 300 |
_a396 p. ; _c28 cm. |
||
| 590 | _aInventariado, 2018/BT | ||
| 611 | 2 | 4 |
_aXIV Juegos Panamericanos _958201 |
| 611 | 2 | 4 |
_aJuegos Panamericanos _n(14: _d2003: _cSanto Domingo) _958202 |
| 910 | _aValidado. Control de calidad. MFF | ||
| 999 |
_c31571 _d31571 |
||